| Tag |
First Indicator |
Second Indicator |
Subfields |
| LEADER |
00000cam a2200000Ia 4500 |
| 001 |
in00002731821 |
| 005 |
20151202144716.0 |
| 008 |
870224s1918 dcuab b f000 0 eng d |
| 035 |
|
|
|a (OCoLC)ocm15233118
|
| 035 |
|
|
|a (OCoLC)15233118
|
| 040 |
|
|
|a RQF
|c RQF
|d AGL
|d OCLCQ
|d IUL
|d SPI
|d CUY
|d TXA
|d UtOrBLW
|
| 043 |
|
|
|a n-usn--
|
| 049 |
|
|
|a TXAM
|
| 050 |
1 |
4 |
|a SD121
|b .U4 v.4, no.929
|
| 070 |
0 |
|
|a 1
|b Ag84F no.929
|
| 072 |
|
0 |
|a L100
|
| 074 |
|
|
|a 0009
|
| 082 |
0 |
4 |
|a 630
|b Un3f, no.929
|
| 086 |
0 |
|
|a A 1.9:929
|
| 090 |
|
|
|a S21
|b .A6 no. 929
|
| 100 |
1 |
|
|a Branch, F. H.
|
| 245 |
1 |
4 |
|a The place of sheep on New England farms /
|c F.H. Branch.
|
| 246 |
1 |
7 |
|a Sheep on New England farms
|
| 264 |
|
1 |
|a Washington, D.C. :
|b U.S. Dept. of Agriculture,
|c 1918.
|
| 300 |
|
|
|a 30 pages :
|b illustrations, 1 map ;
|c 23 cm.
|
| 336 |
|
|
|a text
|b txt
|2 rdacontent
|
| 337 |
|
|
|a unmediated
|b n
|2 rdamedia
|
| 338 |
|
|
|a volume
|b nc
|2 rdacarrier
|
| 490 |
1 |
|
|a Farmers' bulletin / United States Department of Agriculture ;
|v no. 929
|
| 500 |
|
|
|a Cover title.
|
| 500 |
|
|
|a "Contribution from the Office of Farm Management."
|
| 504 |
|
|
|a Includes bibliographical references (page 30).
|
| 650 |
|
0 |
|a Sheep
|z New England.
|
| 650 |
|
0 |
|a Sheep ranches
|z New England.
|
| 830 |
|
0 |
|a Farmers' bulletin (United States. Department of Agriculture) ;
|v no. 929.
|
| 948 |
|
|
|a cataloged
|b h
|c 2011/12/9
|d c
|e hgolay
|f 1:41:44 pm
|
| 994 |
|
|
|a C0
|b TXA
|
| 999 |
|
|
|a MARS
|
| 999 |
f |
f |
|s 0542c410-8174-323d-b8ed-7887f864ab24
|i a1970c82-e11a-3ece-b157-fbf4ce7a86e4
|t 0
|
| 952 |
f |
f |
|p noncirc
|a Texas A&M University
|b College Station
|c Cushing Memorial Library & Archives
|d Cushing: Dykes (Does not check out)
|t 0
|e S21 .A6 no. 929
|h Library of Congress classification
|i unmediated -- volume
|
| 998 |
f |
f |
|a S21 .A6 no. 929
|t 0
|l Cushing: Dykes (Does not check out)
|